000
00300nam a22001337a 4500
020
_a
9780673225070
041
_a
eng
080
_a
51
090
_b
HAM
100
_a
Hamada, Robert, Viggo Hansen and David E. Williams.
245
_a
Invitation to mathematics.
650
_a
Science
999
_c
279501
_d
279501
942
_c
BK